BIBLIOTHÈQUE DE LA MAISON DU MEXIQUE

Logo 1 Logo 2

La vida política en México (notice nᵒ 12638)

détails MARC
000 -Sello discográfico
campo de control de longitud fija 01021nam a2200313 4500
005 - Identificación de versión
campo de control 20251016083131.0
035 ## - Otros números de control del sistema
Número de control del sistema 10745
099 ## - fechas locales
Tipo de ítem Koha LIBRO
100 ## - Datos de procesamiento general
Datos de procesamiento general 19930801d1974 m y1spay5003 ba
105 ## - Campo de datos codificados: Material textual, monográfico
Datos codificados de monografía a 001zy
200 1# - Título y mención de responsabilidad
Título propio La vida política en México
Designación general del material texto impreso
Otra información del título 1970-1973
Primer mención de responsabilidad Luis Medina, Carlos Bazdresch Parada, Rafael Segovia ... [et al.]
205 ## - Declaración de edición
Declaración de edición 1a ed
210 ## - Publicación, distribución, etc.
Lugar de publicación, distribución, etc. México
Nombre del editor, distribuidor, etc. El Colegio de México, Centro de Estudios Internacionales
Fecha de publicación, distribución, etc. 1974
215 ## - Descripción física
Designación de material específico y extensión del ítem 187 p
Otras características físicas il.
Dimensiones 22 cm
345 ## - Nota de información de adquisición
Fuente de adquisición/dirección de la suscripción [OBSOLETO] Donación
410 #1 - Series
Título Colección Centro de Estudios Internacionales
Número de volumen 10
607 ## - Nombre geográfico utilizado como tema
Elemento de entrada México
Subdivisión temática Política y gobierno
Subdivisión cronológica 1946-
Número Koha 2506
660 ## - Código de área geográfica
Código MX
700 ## - Nombre personal - Responsabilidad primaria
Elemento de entrada Medina
Parte del nombre distinta del elemento de entrada Luis
Número Koha 19393
701 ## - Nombre personal - Responsabilidad alternativa
Elemento de entrada Bazdresch Parada
Parte del nombre distinta del elemento de entrada Carlos
Número Koha 19394
701 ## - Nombre personal - Responsabilidad alternativa
Elemento de entrada Segovia Canosa
Parte del nombre distinta del elemento de entrada Rafael
Fechas 1928-2018
Número Koha 4599
801 #0 - Fuente de origen
Agencia cm
900 ## -
-- 1/9830
900 ## -
-- 710935500\\010893
942 ## - ELEMENTOS DE ENTRADA SECUNDARIOS (KOHA)
Tipo de ítem Koha Livre
996 ## -
-- MEX
-- 751145101
-- MMAG
-- 006535
-- 324 C39V
-- 20220614LIV
Exemplaires
Estatus retirado Estado de daño Estado de pérdida Fecha de adquisición Biblioteca de origen Biblioteca actual Ubicación en estantería Código de barras Precio de reemplazo Signatura topográfica completa No para préstamo Tipo de ítem Koha Nota pública Nota no pública
      05/08/2025 Casa México Paris Casa México Paris   006535 05/08/2025 324 C39V   Livre 20220614LIV 751145101